000 00325nam a22001337a 4500
008 180214b xxu||||| |||| 00| 0 eng d
020 _a0814476643
041 _aeng
080 _a658
100 _a54
101 _aLID
245 _aHow to Plan and Conduct Productive Business Meetings
_cKirkpatrick, D.L
942 _2udc
_cBK
999 _c42436
_d42436